000
00318nam a22001337a 4500
008
250414b |||||||| |||| 00| 0 eng d
020
_a
0874778247
050
_a
HD6331
_b
.R54
100
_a
RIFKIN, Jeremy
245
_a
The End of Work
260
_a
U.S.A
_b
Bill Clinton's
_c
1995
300
_a
xviii, 350p.
942
_c
BK
999
_c
2970
_d
2970